LONGHORN MATHEMATICS: GRADE 8 LEARNER'S BOOK (Record no. 210912)

MARC details
000 -LEADER
fixed length control field 00436nam a22001457a 4500
008 - FIXED-LENGTH DATA ELEMENTS--GENERAL INFORMATION
fixed length control field 240724b |||||||| |||| 00| 0 eng d
020 ## - INTERNATIONAL STANDARD BOOK NUMBER
International Standard Book Number 978-9966-64-409-1
100 ## - MAIN ENTRY--PERSONAL NAME
Personal name KING'OO, LEONARD
245 ## - TITLE STATEMENT
Title LONGHORN MATHEMATICS: GRADE 8 LEARNER'S BOOK
260 ## - PUBLICATION, DISTRIBUTION, ETC.
Place of publication, distribution, etc. NAIROBI
Name of publisher, distributor, etc. LONGHORN PUBLISHERS PLC
Date of publication, distribution, etc. 2023
300 ## - PHYSICAL DESCRIPTION
Extent VI, 272P.
650 ## - SUBJECT ADDED ENTRY
Topical term or geographic name entry element MATHEMATICS-STUDY AND TEACHING-JUNIOR SECONDARY
942 ## - ADDED ENTRY ELEMENTS (KOHA)
Source of classification or shelving scheme Library of Congress Classification
Koha item type Long Loan Book
Holdings
Withdrawn status Lost status Source of classification or shelving scheme Damaged status Not for loan Collection Home library Current library Date acquired Inventory number Total checkouts Full call number Barcode Date last seen Copy number Price effective from Koha item type
    Library of Congress Classification     Science & Technology Kisii University Library Kisii University Library 07/24/2024 104497   QA 39.2 .L66 2023 V.8 000000006085 07/24/2024 1 07/24/2024 Long Loan Book
    Library of Congress Classification     Science & Technology Kisii University Library Kisii University Library 07/24/2024 104498   QA 39.2 .L66 2023 V.8 000000006090 07/24/2024 2 07/24/2024 Long Loan Book
    Library of Congress Classification     Science & Technology Kisii University Library Kisii University Library 07/24/2024 104499   QA 39.2 .L66 2023 V.8 000000006325 07/24/2024 3 07/24/2024 Long Loan Book
    Library of Congress Classification     Science & Technology Kisii University Library Kisii University Library 07/24/2024 104500   QA 39.2 .L66 2023 V.8 000000006086 07/24/2024 4 07/24/2024 Long Loan Book
    Library of Congress Classification     Science & Technology Kisii University Library Kisii University Library 07/24/2024 104501   QA 39.2 .L66 2023 V.8 000000006390 07/24/2024 5 07/24/2024 Long Loan Book